000 00935nam a2200313Ia 4500
003 OSt
005 20221006142729.0
006 a|||||r|||| 00| 0
007 ta
008 221006b |||||||| |||| 00| 0 eng d
020 _c2380.00
024 _a7,052
037 _cTextual
040 _aEASL
_cEASL
_beng
041 _2eng
_aeng
082 _aS:(L:5119).42:7y7N19, L9
100 _aLIFTON Robert Jay etc.
_9648322
245 0 _aSix lives six deaths
_b Poatriatis from modern Japan
260 _aNew Havan
_b Yale University
_c1979
300 _a306p.
_ccm.
490 _v JEL
650 _a Culture
650 _a Japan - biography
_9648323
650 _a National characteristics japanese
650 _a Philosophy
650 _aDeath - psychological aspects - case studies
_9648324
942 _hS:(L:5119).42:7y7N19, L9
_cTEXL
_2CC
999 _c1075138
_d1075138